evolutionary biology of human body fatness (Record no. 468134)

MARC details
000 -LEADER
fixed length control field 00558nam a2200193Ia 4500
008 - FIXED-LENGTH DATA ELEMENTS--GENERAL INFORMATION
fixed length control field 210417s9999 xx 000 0 und d
020 ## - INTERNATIONAL STANDARD BOOK NUMBER
International Standard Book Number 9780521884204
-- 521884209
082 ## - DEWEY DECIMAL CLASSIFICATION NUMBER
Classification number 599.94 WEL
Item number 2.599.94WEL
245 #0 - TITLE STATEMENT
Title evolutionary biology of human body fatness
Statement of responsibility, etc. evolutionary biology of human body fatness
250 ## - EDITION STATEMENT
Remainder of edition statement "xi, 382 p. : ill. ; 24 cm. ; hbk."
260 ## - PUBLICATION, DISTRIBUTION, ETC.
Place of publication, distribution, etc. New York
Name of publisher, distributor, etc. Cambridge University Press
Date of publication, distribution, etc. 2009
700 ## - ADDED ENTRY--PERSONAL NAME
Personal name "Wells, Jonathan C.K."
Numeration by Jonathan C.K. Wells

No items available.

Find us on the map